|
|
|
|
| LEADER |
01320nam a2200349 a 4500 |
| 001 |
EBC1068444 |
| 003 |
MiAaPQ |
| 005 |
20200520144314.0 |
| 006 |
m o d | |
| 007 |
cr cn||||||||| |
| 008 |
121107s2013 mau sb 001 0 eng d |
| 020 |
|
|
|z 9780123978738
|
| 020 |
|
|
|a 9780124058989 (electronic bk.)
|
| 035 |
|
|
|a (MiAaPQ)EBC1068444
|
| 035 |
|
|
|a (Au-PeEL)EBL1068444
|
| 035 |
|
|
|a (CaPaEBR)ebr10615147
|
| 035 |
|
|
|a (CaONFJC)MIL401735
|
| 035 |
|
|
|a (OCoLC)818831279
|
| 040 |
|
|
|a MiAaPQ
|c MiAaPQ
|d MiAaPQ
|
| 050 |
|
4 |
|a HG173
|b .H36 2013
|
| 245 |
0 |
0 |
|a Handbook of key global financial markets, institutions and infrastructure
|h [electronic resource] /
|c editor-in-chief, Gerard Caprio ; editors, Douglas W. Arner ... [et al.].
|
| 260 |
|
|
|a Boston :
|b Elsevier,
|c 2013.
|
| 300 |
|
|
|a xxii, 611 p.
|
| 504 |
|
|
|a Includes bibliographical references and index.
|
| 533 |
|
|
|a Electronic reproduction. Ann Arbor, MI : ProQuest, 2015. Available via World Wide Web. Access may be limited to ProQuest affiliated libraries.
|
| 650 |
|
0 |
|a Finance.
|
| 650 |
|
0 |
|a Financial institutions.
|
| 655 |
|
4 |
|a Electronic books.
|
| 700 |
1 |
|
|a Arner, Douglas W.
|
| 700 |
1 |
|
|a Caprio, Gerard.
|
| 710 |
2 |
|
|a ProQuest (Firm)
|
| 856 |
4 |
0 |
|u https://ebookcentral.proquest.com/lib/matrademy/detail.action?docID=1068444
|z Click to View
|